Catalog

Record Details

Catalog Search



An Introduction to Heavy-Tailed and Subexponential Distributions Cover Image E-book E-book

An Introduction to Heavy-Tailed and Subexponential Distributions

Foss, Sergey. (Author). Korshunov, Dmitry. (Added Author). Zachary, Stan. (Added Author). SpringerLink (Online service) (Added Author).

Record details

  • ISBN: 9781441994738
  • Physical Description: electronic
    electronic resource
    access
    remote
    IX, 123p. 1 illus. digital.
  • Edition: 1.
  • Publisher: New York, NY : Springer New York, 2011.
Subject: Mathematics
Distribution (Probability theory)
Economics Statistics
Mathematics
Probability Theory and Stochastic Processes
Statistics for Business/Economics/Mathematical Finance/Insurance
Statistical Physics, Dynamical Systems and Complexity

Electronic resources


LDR 01618nam a22004215i 4500
0013990
003CONS
00520121026192853.0
007cr nn 008mamaa
008110524s2011 xxu| s |||| 0|eng d
020 . ‡a9781441994738 ‡9978-1-4419-9473-8
0247 . ‡a10.1007/978-1-4419-9473-8 ‡2doi
035 . ‡a(DE-He213)978-1-4419-9473-8
050 4. ‡aQA273.A1-274.9
050 4. ‡aQA274-274.9
072 7. ‡aPBT ‡2bicssc
072 7. ‡aPBWL ‡2bicssc
072 7. ‡aMAT029000 ‡2bisacsh
1001 . ‡aFoss, Sergey.
24513. ‡aAn Introduction to Heavy-Tailed and Subexponential Distributions ‡h[electronic resource] / ‡cby Sergey Foss, Dmitry Korshunov, Stan Zachary.
250 . ‡a1.
260 . ‡aNew York, NY : ‡bSpringer New York, ‡c2011.
300 . ‡aIX, 123p. 1 illus. ‡bdigital.
4900 . ‡aSpringer Series in Operations Research and Financial Engineering, ‡x1431-8598 ; ‡v38
650 0. ‡aMathematics.
650 0. ‡aDistribution (Probability theory).
650 0. ‡aEconomics ‡xStatistics.
65014. ‡aMathematics.
65024. ‡aProbability Theory and Stochastic Processes.
65024. ‡aStatistics for Business/Economics/Mathematical Finance/Insurance.
65024. ‡aStatistical Physics, Dynamical Systems and Complexity.
7001 . ‡aKorshunov, Dmitry.
7001 . ‡aZachary, Stan.
7102 . ‡aSpringerLink (Online service)
7730 . ‡tSpringer eBooks
77608. ‡iPrinted edition: ‡z9781441994721
830 0. ‡aSpringer Series in Operations Research and Financial Engineering, ‡x1431-8598 ; ‡v38
85640. ‡uhttp://dx.doi.org/10.1007/978-1-4419-9473-8 ‡9CONS
950 . ‡aMathematics and Statistics (Springer-11649)
901 . ‡a3990 ‡b ‡c3990 ‡tbiblio ‡sSystem Local

Additional Resources